Global Jihad and the tactic of terror abduction : A Comprehensive review of Islamic terrorist organizations (Record no. 15646)

MARC details
000 -LEADER
fixed length control field 00526nam a2200169Ia 4500
008 - FIXED-LENGTH DATA ELEMENTS--GENERAL INFORMATION
fixed length control field 230917s9999||||xx |||||||||||||| ||und||
020 ## - ISBN
Price RS995
040 ## - CATALOGING SOURCE
-- 227751
Original cataloging agency VIVEKANANDA LIBRARY
041 ## - Language
-- English
082 ## - DDC NUMBER
Classification number 363.325 S29G
100 ## - MAIN ENTRY--PERSONAL NAME
Personal name Shay,Shaul
245 #0 - TITLE STATEMENT
Title Global Jihad and the tactic of terror abduction : A Comprehensive review of Islamic terrorist organizations
260 ## - PUBLICATION, DISTRIBUTION, ETC. (IMPRINT)
Place of publication, distribution, etc New Delhi
Name of publisher, distributor, etc Pentagon Press
Date of publication, distribution, etc 2014
300 ## - PHYSICAL DESCRIPTION
Pages xii,307 p.
500 ## - GENERAL NOTE
General note 2083 20/08/2015 APD15/1020375 24/08/2015 Main Budget
942 ## - ADDED ENTRY ELEMENTS (KOHA)
Koha item type Books
Holdings
Withdrawn status Lost status Damaged status Not for loan Location (home branch) Sublocation or collection (holding branch) Date acquired Koha issues (times borrowed) Koha full call number Accession No. Koha date last seen Koha item type
        VIVEKANANDA LIBRARY VIVEKANANDA LIBRARY 17/09/2015   363.325 S29G 339318 17/09/2023 Books
© Designed and Maintained by Vivekananda Library, MDU Rohtak